000 00494nam a22002057a 4500
003 bpm
005 20260407085226.0
008 260407b |||||||| |||| 001 p spa d
020 _a9789871671380
024 _aS. C. C. / M. C. y E. M.:
040 _aAR-CtUCP
041 _aspa
080 _aCDU
100 _aSterzer Osvaldo
245 _aPuntos suspensivos
260 _aResistencia
_bLibrería de la Paz
_c2011
650 _aLiteratura - Poesía
942 _cLIB
999 _c76601
_d76601